Ofrendas y tentaciones (Record no. 61227)

MARC details
000 -LEADER
campo de control de longitud fija 02164nac a2200289 a 4500
003 - IDENTIFICADOR DE NÚMERO DE CONTROL
campo de control CO-PeBPM
005 - FECHA Y HORA DE LA ÚLTIMA TRANSACCIÓN
campo de control 20250830091656.0
007 - CAMPO FIJO DE DESCRIPCIÓN FÍSICA--INFORMACIÓN GENERAL
campo de control de longitud fija ta
008 - DATOS DE LONGITUD FIJA--INFORMACIÓN GENERAL
campo de control de longitud fija 250830s1997 ck a|||| |||| 00| 0 spa d
020 ## - NÚMERO INTERNACIONAL ESTÁNDAR DEL LIBRO
Número Internacional Estándar del Libro 9582003073
040 ## - FUENTE DE CATALOGACIÓN
Centro catalogador/agencia de origen CO-PeBPM
Lengua de catalogación spa
Centro/agencia transcriptor CO-PeBPM
Normas de descripción rda
041 ## - CÓDIGO DE IDIOMA
Código de lengua del texto/banda sonora o título independiente spa
082 04 - NÚMERO DE LA CLASIFICACIÓN DECIMAL DEWEY
Número de clasificación 808.831 ó69ó
Número de edición 22
100 1# - ENTRADA PRINCIPAL--NOMBRE DE PERSONA
Nombre de persona Orjuela Duarte, Celedonio
Término indicativo de función/relación autor
245 10 - MENCIÓN DEL TÍTULO
Título Ofrendas y tentaciones
Mención de responsabilidad, etc. / Celedonio Orjuela Duarte; ilustraciones Luis Aurelio Durán.
250 ## - MENCION DE EDICION
Mención de edición Primera edición
260 ## - PUBLICACIÓN, DISTRIBUCIÓN, ETC.
Lugar de publicación, distribución, etc. Bogotá, Colombia
Nombre del editor, distribuidor, etc. : Magisterio
Fecha de publicación, distribución, etc. , 1997
300 ## - DESCRIPCIÓN FÍSICA
Extensión 137 páginas
Otras características físicas ilustraciones en blanco y negro
Dimensiones 19 centímetros
490 ## - MENCIÓN DE SERIE
Mención de serie Colección Montaña Mágica
Designación de volumen o secuencia 38
500 ## - NOTA GENERAL
Nota general Incluye índice al final del texto
505 ## - NOTA DE CONTENIDO CON FORMATO
Nota de contenido con formato Anacleto Morones / Juan Rulfo ; La ofrenda de piedra / Ciro Alegría ; El Milagro / Manuel Mejía Vallejo ; El crepúsculo del diablo / Rómulo Gallegos ; El demonio tentador ; La profecía del prisionero / Giovanni Papini ; Un robo / Miguel Torga.
520 ## - RESUMEN, ETC.
Sumario, etc. El momento en el que en verdad declaramos al diablo nuestro enemigo, es cuando hacemos la primera comunión.Es ahí en esa primera confesión ante el presbítero, quien por demás, se ríe de nuestros inocentes pecados, cuando el demonio toma corporeidad de mil maneras. De igual forma encontramos, en la imaginaria religiosa, la presencia de vírgenes que a su paso por la tierra se han dedicado a impartir protección. Éstas han sido presencias permanentes en la narrativa, por ser historias que se vuelven mitos en las creencias populares.Es ahí en esa primera confesión ante el presbítero, quien por demás, se ríe de nuestros inocentes pecados, cuando el demonio toma corporeidad de mil maneras. De igual forma encontramos, en la imaginaria religiosa, la presencia de vírgenes que a su paso por la tierra se han dedicado a impartir protección. Éstas han sido presencias permanentes en la narrativa, por ser historias que se vuelven mitos en las creencias populares.
650 14 - PUNTO DE ACCESO ADICIONAL DE MATERIA--TÉRMINO DE MATERIA
Término de materia o nombre geográfico como elemento de entrada Cuentos Latinoamericanos - Colecciones
Fuente del encabezamiento o término LEMB
650 14 - PUNTO DE ACCESO ADICIONAL DE MATERIA--TÉRMINO DE MATERIA
Término de materia o nombre geográfico como elemento de entrada Leyendas - Cuentos
Fuente del encabezamiento o término LEMB
700 1# - ENTRADA AGREGADA--NOMBRE PERSONAL
Nombre de persona Durán, Luis Aurelio
Término indicativo de función/relación ilustraciones
942 ## - ELEMENTOS DE ENTRADA SECUNDARIOS (KOHA)
Fuente del sistema de clasificación o colocación Clasificación Decimal Dewey
Tipo de ítem Koha Literatura
Suprimir en OPAC No
Holdings
Estatus retirado Estado de pérdida Fuente del sistema de clasificación o colocación Estado de daño No para préstamo Colección Biblioteca de origen Biblioteca actual Ubicación en estantería Fecha de adquisición Fuente de adquisición Total de préstamos Signatura topográfica completa Código de barras Visto por última vez Copia número Precio de reemplazo Tipo de ítem Koha
    Clasificación Decimal Dewey     General BIBLIOTECA PÚBLICA MUNICIPAL RAMON CORREA MEJIA BIBLIOTECA PÚBLICA MUNICIPAL RAMON CORREA MEJIA Colección general 30/08/2022 Donación   808.831 ó69ó 62459 30/08/2025 Ej. 1 30/08/2025 Literatura

Powered by Koha